| 000 | 00681nam a2200193Ia 4500 | ||
|---|---|---|---|
| 003 | GCL | ||
| 008 | 140319s9999 xx 000 0 ara d | ||
| 040 |
_aGCL / _cGCL |
||
| 082 | 0 | 4 |
_a240 _bم م |
| 100 | 1 | _aمحمد الحسن | |
| 245 | 1 | 0 |
_aالمذاهب والافكار المعاصرة فى التصور الاسلامى / _cمحمد الحسن |
| 260 |
_aالقاهرة : _bدار البشير للثقافة والعلوم الاسلامية ، _c1990 |
||
| 300 |
_a296 ص ؛ _c24 سم |
||
| 490 | _a | ||
| 650 | 0 | 4 | _aالعقيدة الاسلامية |
| 650 | 0 | 4 | _aالاسلام - قضايا معاصرة |
| 650 | 0 | 4 | _aالاسلام - دعوات |
| 942 |
_2ddc _cBK |
||
| 999 |
_c53610 _d53610 |
||